The supernatural and the unexplained [

Bibliographic Details
Format: Book
Published: United Kingdom : Zigzag Multimedia Ltd. , 1996
Subjects:

MARC

LEADER 00000cam a2200000 7i4500
001 0000022405
002 000024262
005 20000330.0
090 0 0 |a 500   |b SUP 
245 0 4 |a The supernatural and the unexplained [  |h CD-ROM] 
260 |a United Kingdom :   |b Zigzag Multimedia Ltd. ,   |c 1996 
300 |a 1 CD-ROM 
650 0 0 |a Curiosities and wonders 
999 |a CDR00581   |b CD-ROM   |c RUJUKAN   |e PERPUSTAKAAN KOMUNITI PETALING JAYA